00190nam a2200073Ia 4500008004100000100001600041245004300057260001600100170523s9999 xx 000 0 und d aBlack- J.T. 0aMaterials & Processes in Manufacturing aWiley India